000 00489nam a22001697a 4500
005 20250207164543.0
008 250207b |||||||| |||| 00| 0 eng d
020 _a9781584504054
082 _a63.2596
_bBRO-C
100 _aBrown, Christopher L.T.
245 _aComputer Evidence ;
_b Collection & Preservation /
_ccHRISTOPHER L.T.Brown
260 _aUSA:
_bElsevier;
_c2006.
300 _axiv, 394 p,. :
_bill;
_c24 cm
500 _ainclude index.
650 _aSecurity
999 _c36840
_d36840